000
00246 a2200121 4500
003
Nust
005
20170207154221.0
040
_c
Nust
082
_a
371.33
245
_a
Basic MR (CD-7)
440
_a
Basic MR (CD-7)
538
_a
Duration Mins 10
650
_a
CD No 349
_c
CD-7
999
_c
195306
_d
195306